| 000 | 00536nam a2200169 i 4500 | ||
|---|---|---|---|
| 001 | 136796 | ||
| 003 | ES-MaACL | ||
| 005 | 20230906195229.0 | ||
| 007 | t| | ||
| 008 | 070214s1920 fr r ||||1| fre d | ||
| 245 | 0 | 0 |
_aOmnium agricole _b: dictionnaire pratique de l'agriculture moderne / _cpublie sous la direction de Henry Sagnier. |
| 260 |
_aParis : _bVaugirard, _c1920. |
||
| 300 |
_a794 p. : _bil. ; _c32 cm. |
||
| 650 | 4 |
_aAgricultura- _vDiccionarios. _9142058 |
|
| 700 | 1 |
_aSagnier, Henri. _9132276 |
|
| 852 |
_aES-MaACL _jC-1586 |
||
| 999 |
_c136796 _d136796 |
||